| 000 | 02027nam a2200217Ia 4500 | ||
|---|---|---|---|
| 003 | Ost | ||
| 005 | 20260507075730.0 | ||
| 008 | 260507s9999||||xx |||||||||||||| ||und|| | ||
| 040 | _cfsecg | ||
| 041 | _aara | ||
| 082 | _a657.42 | ||
| 100 |
_aنور، أحمد محمد _eمؤلف |
||
| 245 | 0 |
_aمحاسبة التكاليف : _bالاغراض القياس في بيبئة التصنيع المعاصرة / _c أحمد محمد نور |
|
| 260 |
_aالاسكندرية: _bالدار الجامعية, _c2004 |
||
| 300 |
_a387 صفحة؛ _bإيضاحات ؛ _c24 سم |
||
| 520 | _aهذا الكتاب قسم إلى قسمين : القسم الاول قسم ألى بابين ، الاول مدخل لمحاسبة التكاليف : دورة الادارة ودورة المحاسبة والنظام المحاسبي ، مجال محاسبة التكاليف وأهدافها ، اتجاهات التصنيع الحديثة وتأثيرها على محاسبة التكاليف الباب الثاني المصطلحات الرئيسية للتكاليف : مصطلحات التكاليف والاقسام الرئيسية لها ، مسلك التكاليف دالة التكلفة ودور المحاسبة التكاليف في عملية التخطيط ، التكاليف في مجال اتخاذ القرارات، التكاليف في مجال الرقابة ومبادئ محاسبة المسؤولية القسم الثاني قسم هو بدوره إلى باب واحد وفصوله كاالتالي : نظام التكاليف ، دورة تسجيل بيانات التكاليف - النماذج ةالقيود المحاسبية ، السجلات المستخدمة في نظام محاسبة التكاليف ، قياس تكاليف أنشطة الخدمات ،أسئلة وتطبيقات القسم الثاني | ||
| 653 | _aالمحاسبة التحليلية | ||
| 653 | _aمحاسبة التكاليف | ||
| 700 |
_aشحاته، السيد شحاته _eمؤلف ثانوي |
||
| 942 | _cكتاب | ||
| 999 |
_c46025 _d46025 |
||